Am Grabe des Hochehrwurdigen Hochgelehrten Herrn Michael Tekusch verdienstvollen Predigers bey der Protestantischen Gemeine in Bruenn, der uebrigen Gemeinen in Maehren wuerdigen Seniors vormaligen allgemein geachteten Professors am Evang. Gymn. zu Preßburg

Bibliographic Details
Other Authors: Škarnicel, František Xaver, 1769-1841 (Printer)
Format: Book
Language:German
PhysicalDescription:[4] s. 24 cm
Published: Ungrisch Skalitz gedruckt bey Franz Xaver Skarnitzl 1813
Subjects:

MARC

LEADER 00000nam a22000005a 4500
001 vtls010032244
003 SK-MaSNL
005 20260301030334.0
008 180810s1813 xo 000 0 ger
040 |a SNKHF  |b slo  |c SNK  |e AACR2 
041 0 |a ger 
044 |a xo  |c SK 
072 7 |a 808  |x Literárny štýl. Literárna činnosť a technika. Efektívne využívanie jazyka. Spisovateľská činnosť  |2 konspekt 
080 |a 808.5-051  |2 2011 
245 1 0 |a Am Grabe des Hochehrwurdigen Hochgelehrten Herrn Michael Tekusch  |b verdienstvollen Predigers bey der Protestantischen Gemeine in Bruenn, der uebrigen Gemeinen in Maehren wuerdigen Seniors vormaligen allgemein geachteten Professors am Evang. Gymn. zu Preßburg  |c Abgehalten von einem zufaellig. anwesenden Landsmann den 10. December 1813. 
260 |a Ungrisch Skalitz  |b gedruckt bey Franz Xaver Skarnitzl  |c 1813 
300 |a [4] s.  |c 24 cm 
650 0 7 |a príležitosné tlače  |2 SNK  |9 324018 
700 1 |a Škarnicel, František Xaver,  |d 1769-1841  |4 prt  |9 157699 
752 |a Slovensko  |d Skalica 
852 |a snk  |p SC 138477 
958 |a ONDV 
958 |a DF 
999 |c 574232  |d 576162 
952 |a SNK  |b SNK  |y PREZ  |7 0  |p 17A0640370  |o snkSC 138477  |i snk2009/22458  |8 3  |g 28.00  |0 0  |1 0  |4 0  |d 2009-12-15  |l 0  |r 2017-06-30 00:00:00  |w 2026-02-23